000 00826nam a2200277 i 4500
001 10042
003 ES-MaACL
005 20230906145816.0
007 t|
008 941130s1993 sp ||||1| spa d
020 _a84-7213-122-X
080 _a9(=924)(46)
100 1 _aDíaz-Mas, Paloma.
_944347
245 1 4 _aLos Sefardíes
_b: historia, lengua y cultura /
_cPaloma Díaz-Mas.
250 _a2ª. ed. con un apéndice: "Los estudios sefardíes de 1983 a 1992".
260 _aBarcelona :
_bRiopiedras,
_c1993.
300 _a316 p. ;
_c22 cm.
490 1 _aAula hispánica
500 _aIndices.
504 _aBibliografía.
650 _aJudíos-
_vHistoria.
_913994
650 1 4 _aSefardíes.
_917011
830 0 _aAula hispánica
_9228093
852 _aES-MaACL
_jL-17420
_bR.122609
999 _c10042
_d10042